000 00437nam a22001697a 4500
005 20180726130157.0
008 160517b xxu||||| |||| 00| 0 eng d
020 _a81-259-1609-1
041 _aeng
082 _b2519
_a658.3
100 _aCHANDAN,D.B. AND JIT, S
_94632
245 _aOrganizational Behaviour
260 _aNew Delhi
_bVikas Publishing House (P) Ltd.
_c2008
300 _a432p,
650 _aManagement
_9241
942 _cBK
999 _c919
_d919